|
|
|
|
| LEADER |
00000ngm a2200000 a 4500 |
| 001 |
vtls009261135 |
| 003 |
SK-MaSNL |
| 005 |
20260301081539.0 |
| 007 |
vf uuahau |
| 008 |
210928s1987 xo 100 vlcze |
| 020 |
|
|
|c 490.00
|
| 035 |
|
|
|a LVTK70025
|
| 040 |
|
|
|a SNK
|b slo
|c SNK
|e AACR2
|
| 041 |
1 |
|
|a cze
|h eng
|
| 245 |
|
|
|a Skippy 2
|h videozáznam
|b Havárie, Bouře, Pytláci, Narozeniny
|
| 250 |
|
|
|a 1. vyd.
|
| 260 |
|
|
|a Praha
|b Supraphon
|c 1987
|
| 300 |
|
|
|a 1 videokazeta (100 min.)
|
| 306 |
|
|
|a 014000
|
| 650 |
0 |
7 |
|a seriály televízne na videokazete
|2 LVTK
|9 405000
|
| 650 |
0 |
7 |
|a hrané filmy
|2 LVTK
|9 68885
|
| 655 |
|
7 |
|a videokazety
|2 SNKPH
|9 70726
|
| 958 |
|
|
|a OND
|
| 999 |
|
|
|c 656166
|d 658096
|
| 952 |
|
|
|a SNK
|b SNK
|y PREZ
|7 0
|p 17A0583496
|o snkIVC 34/2
|i snkJK 541/89
|0 0
|1 0
|4 0
|d 2008-03-19
|l 0
|r 2026-02-23 18:37:02
|w 2026-02-23
|